000 00346nam a22001217a 4500
082 _a348.5491
_bKHU
100 _aKhurram, Muhammad
245 _aLatest Legislation in Punjab 2015-2018 /
_cMuhammad Khurram
260 _aLahore :
_bInvisible Front Law Publishers,
_c2018.
300 _a184 p. ;
_c24 cm.
563 _aHB.
942 _2ddc
_cBK
999 _c616032
_d616032